Psychopathological disorders of childhood

Αποθηκεύτηκε σε:
Λεπτομέρειες βιβλιογραφικής εγγραφής
Άλλοι συγγραφείς: Quay, Herbert C. (Herbert Callister) 1927- (Επιμελητής έκδοσης), Werry, John S. (Επιμελητής έκδοσης)
Μορφή: Βιβλίο
Γλώσσα:English
Δημοσίευση: New York : John Wiley & Sons, 1986
Έκδοση:3rd ed.
Θέματα:
Ετικέτες: Προσθήκη ετικέτας
Δεν υπάρχουν, Καταχωρήστε ετικέτα πρώτοι!

MARC

LEADER 00000nam a2200000 i 4500
001 1/79038
008 990504s1986 eng d
020 |a 0-471-88974-1 
035 |l 10050288 
040 |a GR-MY-UA  |b gre  |e aacr 
041 0 |a eng 
082 0 |a 618.9289 
245 1 0 |a Psychopathological disorders of childhood /  |c edited by Herbert C. Quay, John S. Werry 
250 |a 3rd ed. 
260 |a New York :   |b John Wiley & Sons,   |c 1986 
300 |a 690 p. 
650 0 0 |a Child psychopathology. 
650 0 0 |a Child psychotherapy. 
700 1 |a Quay, Herbert C.  |q (Herbert Callister)  |d 1927-  |4 edt 
700 1 |a Werry, John S.  |4 edt 
852 |a INST  |b RHODES  |e 19990504  |h 618.9289 PSY  |p 005400011720  |q 005400011720  |t BK  |y 0 
901 |a BIBL-1999-1 
909 |a Ρ  |b 064746  |c 1999 
922 |a 4ΕΛΗ  |b 199903